Dual pushdown automata and context sensitive grammars

Elmentve itt :
Bibliográfiai részletek
Szerző: Révész György
Dokumentumtípus: Cikk
Megjelent: 1972
Sorozat:Acta cybernetica 1 No. 3
Kulcsszavak:Számítástechnika, Kibernetika, Nyelvészet - számítógép alkalmazása
Tárgyszavak:
Online Access:http://acta.bibl.u-szeged.hu/12182
LEADER 00772nab a2200205 i 4500
001 acta12182
005 20220601140814.0
008 161015s1972 hu o 0|| eng d
022 |a 0324-721X 
040 |a SZTE Egyetemi Kiadványok Repozitórium  |b hun 
041 |a eng 
100 1 |a Révész György 
245 1 0 |a Dual pushdown automata and context sensitive grammars  |h [elektronikus dokumentum] /  |c  Révész György 
260 |c 1972 
300 |a 147-151 
490 0 |a Acta cybernetica  |v 1 No. 3 
650 4 |a Természettudományok 
650 4 |a Számítás- és információtudomány 
695 |a Számítástechnika, Kibernetika, Nyelvészet - számítógép alkalmazása 
856 4 0 |u http://acta.bibl.u-szeged.hu/12182/1/cybernetica_001_fasc_003_147-151.pdf  |z Dokumentum-elérés